000
00195nam a2200085Ia 4500
008
120527s9999 xx 000 0 und d
100
_a
Miller, Henry
245
_a
The Rosy crucifixion
942
_c
BK
999
_c
27642
_d
27642